MARC

LEADER 00000nam0a2200000 4500
001 251882
005 20231101232710.0
020 |a RU  |b 89-18048 
035 |a (RuTPU)RU\TPU\book\274194 
090 |a 251882 
100 |a 20140225d1989 m a0rusy5003 ca 
101 0 |a rus 
102 |a RU 
105 |a a j 001zy 
200 1 |a Схемотехнические основы проектирования микропроцессорных устройств  |e учебное пособие  |f М. С. Мельников [и др.]  |g Новочеркасский политехнический институт им. Серго Орджоникидзе (НПИ) ; под ред. И. И. Гурчина 
210 |a Новочеркасск  |c Изд-во НПИ  |d 1989 
215 |a 76 с.  |c ил. 
320 |a Библиогр.: с. 75 (7 назв.) 
606 1 |a Макропроцессоры  |2 stltpush  |3 (RuTPU)RU\TPU\subj\40936  |9 60762 
610 1 |a проектирование 
610 1 |a схемотехнические методы 
610 1 |a учебные пособия 
610 1 |a схемотехника 
610 1 |a БИС 
610 1 |a подсистемы 
610 1 |a программы 
675 |a 681.325.5(075.8)  |z rus 
701 1 |a Мельников  |b М. С.  |g Михаил Сергеевич 
701 1 |a Стрельцов  |b В. С. 
701 1 |a Копейкин  |b Э. И. 
701 1 |a Тушканов  |b Н. Б. 
701 1 |a Чеботарев  |b А. Н. 
702 1 |a Гурчин  |b И. И.  |g Игорь Иванович  |4 340 
712 0 2 |a Новочеркасский политехнический институт им. Серго Орджоникидзе (НПИ)  |c (1948-1993)  |2 stltpush  |3 (RuTPU)RU\TPU\col\227 
801 0 |a RU  |b RuMRKP  |c 19950417  |g psbo 
801 1 |a RU  |b 63413507  |c 20140225 
801 2 |a RU  |b 63413507  |c 20140324  |g RCR 
942 |c BK